00293nam a2200109Ia 4500008004100000041000800041082001000049100002100059245003200080260004900112650002200161240830s1983 xx 000 0 und d aeng a0 YAD aYADAVGI TRIKAMGI aDRAVYAGUNA VIDNYAM PART - 1 bSHRI.BAIDYANATH AYURVED BHAVAN, NAGPURc1983 aDRAVYAGUNA-VIGYAN